[Event "ODJM B 2023"]
[Site "Willingen GER"]
[Date "2023.05.28"]
[Round "2"]
[White "Wang, Simon"]
[Black "Weyerer, Noah"]
[Result "1/2-1/2"]
[Termination "normal"]
[Board "3"]
[WhiteElo "1483"]
[BlackElo "1677"]
[WhiteClock "00:22:47"]
[BlackClock "00:29:06"]
[PlyCount "68"]
[WhiteFideId "34605398"]
[BlackFideId "16250664"]
[EventCountry "GER"]
[EventRounds "9"]
[EventType "swiss"]
[EventDate "2023.05.27"]

1. c4 {[%clk 01:30:59]} d6 {[%clk 01:30:51]} {[%emt 00:00:09]} 2. Nc3 {[%clk
01:31:04]} {[%emt 00:00:25]} e5 {[%clk 01:31:00]} {[%emt 00:00:21]} 3. g3
{[%clk 01:30:45]} {[%emt 00:00:49]} f5 {[%clk 01:30:34]} {[%emt 00:00:56]} 4.
Bg2 {[%clk 01:30:27]} {[%emt 00:00:47]} Nf6 {[%clk 01:30:43]} {[%emt 00:00:21]}
5. e3 {[%clk 01:30:07]} {[%emt 00:00:51]} c6 {[%clk 01:28:52]} {[%emt
00:02:21]} 6. Nge2 {[%clk 01:30:05]} {[%emt 00:00:32]} Be6 {[%clk 01:28:01]}
{[%emt 00:01:21]} 7. b3 {[%clk 01:27:52]} {[%emt 00:02:43]} Nbd7 {[%clk
01:25:38]} {[%emt 00:02:52]} 8. Bb2 {[%clk 01:24:33]} {[%emt 00:03:50]} Be7
{[%clk 01:24:03]} {[%emt 00:02:05]} 9. O-O {[%clk 01:24:33]} {[%emt 00:00:30]}
O-O {[%clk 01:24:26]} {[%emt 00:00:06]} 10. Re1 {[%clk 01:23:35]} {[%emt
00:01:29]} Qe8 {[%clk 01:21:20]} {[%emt 00:03:35]} 11. d4 {[%clk 01:22:56]}
{[%emt 00:01:10]} Bf7 {[%clk 01:19:25]} {[%emt 00:02:25]} 12. d5 {[%clk
01:21:09]} {[%emt 00:02:17]} c5 {[%clk 01:16:56]} {[%emt 00:02:59]} 13. h3
{[%clk 01:18:16]} {[%emt 00:03:23]} Bh5 {[%clk 01:14:33]} {[%emt 00:02:53]} 14.
Qc2 {[%clk 01:14:34]} {[%emt 00:04:13]} Bxe2 {[%clk 01:12:58]} {[%emt
00:02:04]} 15. Nxe2 {[%clk 01:13:46]} {[%emt 00:01:18]} Qh5 {[%clk 01:07:47]}
{[%emt 00:05:40]} 16. f4 {[%clk 01:09:41]} {[%emt 00:04:36]} e4 {[%clk
01:05:30]} {[%emt 00:02:47]} 17. Nc3 {[%clk 01:07:50]} {[%emt 00:02:19]} Qg6
{[%clk 01:03:57]} {[%emt 00:02:04]} 18. Kh2 {[%clk 01:05:49]} {[%emt 00:02:32]}
Nh5 {[%clk 01:02:42]} {[%emt 00:01:45]} 19. Qf2 {[%clk 01:04:44]} {[%emt
00:01:32]} Qh6 {[%clk 01:01:40]} {[%emt 00:01:35]} 20. Bf1 {[%clk 00:51:15]}
{[%emt 00:13:59]} a6 {[%clk 00:56:45]} {[%emt 00:05:25]} 21. a4 {[%clk
00:51:11]} {[%emt 00:00:34]} g5 {[%clk 00:52:10]} {[%emt 00:05:04]} 22. Ne2
{[%clk 00:47:51]} {[%emt 00:03:51]} gxf4 {[%clk 00:46:54]} {[%emt 00:05:45]}
23. Nxf4 {[%clk 00:45:01]} {[%emt 00:03:20]} Nxf4 {[%clk 00:47:19]} {[%emt
00:00:05]} 24. exf4 {[%clk 00:43:44]} {[%emt 00:01:48]} Bf6 {[%clk 00:46:38]}
{[%emt 00:01:11]} 25. Kg2 {[%clk 00:40:04]} {[%emt 00:04:10]} Bxb2 {[%clk
00:43:01]} {[%emt 00:04:07]} 26. Qxb2 {[%clk 00:40:23]} {[%emt 00:00:08]} Qf6
{[%clk 00:43:00]} {[%emt 00:00:34]} 27. Qxf6 {[%clk 00:40:13]} {[%emt
00:00:37]} Nxf6 {[%clk 00:43:11]} {[%emt 00:00:22]} 28. Re3 {[%clk 00:37:53]}
{[%emt 00:02:51]} Kf7 {[%clk 00:40:46]} {[%emt 00:02:54]} 29. Be2 {[%clk
00:34:52]} {[%emt 00:03:31]} Rg8 {[%clk 00:40:14]} {[%emt 00:01:01]} 30. Kf2
{[%clk 00:31:46]} {[%emt 00:03:37]} h5 {[%clk 00:39:30]} {[%emt 00:01:14]} 31.
Rg1 {[%clk 00:27:37]} {[%emt 00:04:39]} b6 {[%clk 00:35:27]} {[%emt 00:04:33]}
32. Rb1 {[%clk 00:23:32]} {[%emt 00:04:34]} a5 {[%clk 00:30:46]} {[%emt
00:05:12]} 33. Rg1 {[%clk 00:23:33]} {[%emt 00:00:12]} Rg6 {[%clk 00:29:06]}
{[%emt 00:02:26]} 34. h4 {[%clk 00:22:47]} {[%emt 00:01:17]} Rh8 {[%emt
00:03:35]} 1/2-1/2

[Event "ODJM B 2023"]
[Site "Willingen GER"]
[Date "2023.05.28"]
[Round "2"]
[White "Storm, Max"]
[Black "Kauth, Lukas Michael"]
[Result "1-0"]
[Termination "normal"]
[Board "4"]
[WhiteElo "1703"]
[BlackElo "1315"]
[WhiteClock "00:04:21"]
[BlackClock "01:10:15"]
[PlyCount "93"]
[WhiteFideId "34625658"]
[BlackFideId "16272994"]
[EventCountry "GER"]
[EventRounds "9"]
[EventType "swiss"]
[EventDate "2023.05.27"]

1. e4 {[%clk 01:30:57]} {[%emt 00:00:03]} c6 {[%clk 01:30:57]} {[%emt
00:00:04]} 2. d4 {[%clk 01:31:11]} {[%emt 00:00:14]} d5 {[%clk 01:31:26]}
{[%emt 00:00:02]} 3. exd5 {[%clk 01:31:28]} {[%emt 00:00:13]} cxd5 {[%clk
01:31:49]} {[%emt 00:00:06]} 4. Bd3 {[%clk 01:31:49]} {[%emt 00:00:09]} Nc6
{[%clk 01:32:14]} {[%emt 00:00:05]} 5. c3 {[%clk 01:32:14]} {[%emt 00:00:06]}
Qc7 {[%clk 01:32:26]} {[%emt 00:00:18]} 6. Ne2 {[%clk 01:31:45]} {[%emt
00:00:59]} Bg4 {[%clk 01:32:47]} {[%emt 00:00:09]} 7. f3 {[%clk 01:27:19]}
{[%emt 00:04:55]} Bd7 {[%clk 01:33:12]} {[%emt 00:00:06]} 8. Bf4 {[%clk
01:21:02]} {[%emt 00:06:47]} e5 {[%clk 01:33:24]} {[%emt 00:00:19]} 9. dxe5
{[%clk 01:11:19]} {[%emt 00:10:12]} Nxe5 {[%clk 01:33:42]} {[%emt 00:00:12]}
10. Bxe5 {[%clk 01:09:03]} {[%emt 00:02:46]} Qxe5 {[%clk 01:34:02]} {[%emt
00:00:11]} 11. O-O {[%clk 01:06:13]} {[%emt 00:03:19]} Bd6 {[%clk 01:32:34]}
{[%emt 00:01:57]} 12. Ng3 {[%clk 01:03:46]} {[%emt 00:02:56]} Ne7 {[%clk
01:30:52]} {[%emt 00:02:13]} 13. Re1 {[%clk 01:00:26]} {[%emt 00:03:49]} Qg5
{[%clk 01:26:43]} {[%emt 00:04:39]} 14. Qd2 {[%clk 00:55:50]} {[%emt 00:05:06]}
Bf4 {[%clk 01:23:19]} {[%emt 00:03:56]} 15. Qe2 {[%clk 00:54:58]} {[%emt
00:01:21]} Be6 {[%clk 01:22:56]} {[%emt 00:00:53]} 16. Nf1 {[%clk 00:46:51]}
{[%emt 00:08:37]} O-O {[%clk 01:21:58]} {[%emt 00:01:27]} 17. g3 {[%clk
00:43:33]} {[%emt 00:03:48]} Rfe8 {[%clk 01:16:44]} {[%emt 00:05:45]} 18. h4
{[%clk 00:39:16]} {[%emt 00:04:47]} Qf6 {[%clk 01:16:13]} {[%emt 00:01:02]} 19.
gxf4 {[%clk 00:38:32]} {[%emt 00:01:14]} Qxf4 {[%clk 01:16:33]} {[%emt
00:00:10]} 20. Qf2 {[%clk 00:32:42]} {[%emt 00:06:19]} Bf5 {[%clk 01:10:39]}
{[%emt 00:06:25]} 21. Qe3 {[%clk 00:30:06]} {[%emt 00:03:05]} Qxh4 {[%clk
01:09:23]} {[%emt 00:01:47]} 22. Bxf5 {[%clk 00:29:59]} {[%emt 00:00:37]} g6
{[%clk 01:09:36]} {[%emt 00:00:18]} 23. Bd7 {[%clk 00:27:18]} {[%emt 00:03:10]}
Nf5 {[%clk 01:09:39]} {[%emt 00:00:27]} 24. Qxe8+ {[%clk 00:27:36]} {[%emt
00:00:11]} Rxe8 {[%clk 01:10:06]} {[%emt 00:00:04]} 25. Rxe8+ {[%clk 00:27:54]}
{[%emt 00:00:12]} Kg7 {[%clk 01:10:33]} {[%emt 00:00:03]} 26. Bxf5 {[%clk
00:27:41]} {[%emt 00:00:42]} Qg5+ {[%clk 01:10:58]} {[%emt 00:00:06]} 27. Kf2
{[%clk 00:20:40]} {[%emt 00:07:29]} Qxf5 {[%clk 01:10:44]} {[%emt 00:00:46]}
28. Nbd2 {[%clk 00:17:53]} {[%emt 00:03:17]} h5 {[%clk 01:10:25]} {[%emt
00:00:49]} 29. Rae1 {[%clk 00:13:28]} {[%emt 00:04:54]} d4 {[%clk 01:10:39]}
{[%emt 00:00:18]} 30. cxd4 {[%clk 00:12:59]} {[%emt 00:00:58]} Qd5 {[%clk
01:11:00]} {[%emt 00:00:10]} 31. Nb3 {[%clk 00:12:40]} {[%emt 00:00:47]} Qc4
{[%clk 01:10:56]} {[%emt 00:00:36]} 32. R8e3 {[%clk 00:09:23]} {[%emt
00:03:44]} Qc2+ {[%clk 01:10:23]} {[%emt 00:01:06]} 33. R1e2 {[%clk 00:09:39]}
{[%emt 00:00:12]} Qb1 {[%clk 01:10:41]} {[%emt 00:00:13]} 34. a3 {[%clk
00:05:49]} {[%emt 00:04:19]} b6 {[%clk 01:10:57]} {[%emt 00:00:15]} 35. Rd2
{[%clk 00:05:40]} {[%emt 00:00:38]} h4 {[%clk 01:10:26]} {[%emt 00:01:03]} 36.
d5 {[%clk 00:05:08]} {[%emt 00:01:02]} h3 {[%clk 01:08:49]} {[%emt 00:02:07]}
37. d6 {[%clk 00:05:07]} {[%emt 00:00:30]} h2 {[%clk 01:08:58]} {[%emt
00:00:21]} 38. Nxh2 {[%clk 00:05:30]} {[%emt 00:00:07]} Qh1 {[%clk 01:09:23]}
{[%emt 00:00:04]} 39. Nf1 {[%clk 00:05:28]} {[%emt 00:00:32]} Qh4+ {[%clk
01:09:45]} {[%emt 00:00:09]} 40. Ke2 {[%clk 00:04:57]} {[%emt 00:01:00]} Qc4+
{[%clk 01:10:06]} {[%emt 00:00:10]} 41. Ke1 {[%clk 00:04:56]} {[%emt 00:00:30]}
Qh4+ {[%clk 01:10:33]} {[%emt 00:00:05]} 42. Kd1 {[%clk 00:04:01]} {[%emt
00:01:23]} Qc4 {[%clk 01:10:58]} {[%emt 00:00:06]} 43. Red3 {[%clk 00:03:47]}
{[%emt 00:00:42]} Qc1+ {[%clk 01:09:09]} {[%emt 00:02:20]} 44. Kxc1 {[%clk
00:04:08]} {[%emt 00:00:09]} Kf6 {[%clk 01:09:30]} {[%emt 00:00:10]} 45. d7
{[%clk 00:04:30]} {[%emt 00:00:08]} Ke5 {[%clk 01:09:54]} {[%emt 00:00:06]} 46.
d8=Q {[%clk 00:04:31]} {[%emt 00:00:29]} f5 {[%clk 01:10:15]} {[%emt 00:00:08]}
47. Qd6# {[%clk 00:04:21]} {[%emt 00:00:09]} 1-0

[Event "ODJM B 2023"]
[Site "Willingen GER"]
[Date "2023.05.28"]
[Round "2"]
[White "Müller, Sophie Charlotte"]
[Black "Khudagulyan, Xoren"]
[Result "0-1"]
[Termination "normal"]
[Board "5"]
[WhiteElo "1442"]
[BlackElo "1698"]
[WhiteClock "00:01:05"]
[BlackClock "00:09:35"]
[PlyCount "70"]
[WhiteFideId "16246683"]
[BlackFideId "34618945"]
[EventCountry "GER"]
[EventRounds "9"]
[EventType "swiss"]
[EventDate "2023.05.27"]

1. e4 {[%clk 01:30:58]} {[%emt 00:00:02]} e6 {[%clk 01:30:46]} {[%emt
00:00:15]} 2. d3 {[%clk 01:31:21]} {[%emt 00:00:07]} d5 {[%clk 01:31:12]}
{[%emt 00:00:04]} 3. Nd2 {[%clk 01:31:45]} {[%emt 00:00:05]} c5 {[%clk
01:31:08]} {[%emt 00:00:34]} 4. Ngf3 {[%clk 01:31:36]} {[%emt 00:00:39]} Nc6
{[%clk 01:31:27]} {[%emt 00:00:12]} 5. g3 {[%clk 01:31:45]} {[%emt 00:00:20]}
Bd6 {[%clk 01:31:09]} {[%emt 00:00:48]} 6. Bg2 {[%clk 01:32:02]} {[%emt
00:00:13]} Nf6 {[%clk 01:31:29]} {[%emt 00:00:10]} 7. O-O {[%clk 01:32:25]}
{[%emt 00:00:07]} d4 {[%clk 01:28:53]} {[%emt 00:03:07]} 8. Nc4 {[%clk
01:27:44]} {[%emt 00:05:11]} e5 {[%clk 01:29:09]} {[%emt 00:00:14]} 9. Nxd6+
{[%clk 01:27:58]} {[%emt 00:00:16]} Qxd6 {[%clk 01:29:31]} {[%emt 00:00:08]}
10. Nd2 {[%clk 01:24:09]} {[%emt 00:04:19]} b5 {[%clk 01:21:41]} {[%emt
00:08:20]} 11. a4 {[%clk 01:19:41]} {[%emt 00:04:57]} Ba6 {[%clk 01:21:39]}
{[%emt 00:00:33]} 12. axb5 {[%clk 01:14:23]} {[%emt 00:05:48]} Bxb5 {[%clk
01:21:57]} {[%emt 00:00:11]} 13. f4 {[%clk 01:11:14]} {[%emt 00:03:39]} h5
{[%clk 01:12:51]} {[%emt 00:09:36]} 14. Nf3 {[%clk 01:01:59]} {[%emt 00:09:45]}
Nd7 {[%clk 01:03:22]} {[%emt 00:09:59]} 15. Nxe5 {[%clk 00:52:47]} {[%emt
00:09:42]} Ndxe5 {[%clk 01:02:14]} {[%emt 00:01:38]} 16. fxe5 {[%clk 00:53:09]}
{[%emt 00:00:08]} Nxe5 {[%clk 01:02:37]} {[%emt 00:00:07]} 17. Bf4 {[%clk
00:52:39]} {[%emt 00:01:00]} f6 {[%clk 00:55:03]} {[%emt 00:08:04]} 18. Qd2
{[%clk 00:49:55]} {[%emt 00:03:13]} O-O {[%clk 00:39:43]} {[%emt 00:15:51]} 19.
Bxe5 {[%clk 00:48:22]} {[%emt 00:02:03]} fxe5 {[%clk 00:40:06]} {[%emt
00:00:08]} 20. Qg5 {[%clk 00:47:07]} {[%emt 00:01:44]} g6 {[%clk 00:37:23]}
{[%emt 00:03:13]} 21. Rxf8+ {[%clk 00:43:33]} {[%emt 00:04:04]} Kxf8 {[%clk
00:37:39]} {[%emt 00:00:14]} 22. Rf1+ {[%clk 00:43:37]} {[%emt 00:00:26]} Kg7
{[%clk 00:37:34]} {[%emt 00:00:36]} 23. Rf5 {[%clk 00:41:48]} {[%emt 00:02:19]}
Re8 {[%clk 00:37:10]} {[%emt 00:00:54]} 24. Rf1 {[%clk 00:32:31]} {[%emt
00:09:47]} c4 {[%clk 00:34:21]} {[%emt 00:03:18]} 25. Ra1 {[%clk 00:29:24]}
{[%emt 00:03:37]} a6 {[%clk 00:32:34]} {[%emt 00:02:18]} 26. dxc4 {[%clk
00:28:16]} {[%emt 00:01:37]} Bxc4 {[%clk 00:32:55]} {[%emt 00:00:10]} 27. Bf3
{[%clk 00:26:27]} {[%emt 00:02:18]} d3 {[%clk 00:30:35]} {[%emt 00:02:51]} 28.
cxd3 {[%clk 00:22:30]} {[%emt 00:04:27]} Qd4+ {[%clk 00:30:51]} {[%emt
00:00:13]} 29. Kh1 {[%clk 00:22:41]} {[%emt 00:00:19]} Qxd3 {[%clk 00:25:49]}
{[%emt 00:05:31]} 30. Bg2 {[%clk 00:18:26]} {[%emt 00:04:46]} Qd4 {[%clk
00:20:32]} {[%emt 00:05:47]} 31. Qc1 {[%clk 00:13:36]} {[%emt 00:05:20]} Rc8
{[%clk 00:18:29]} {[%emt 00:02:33]} 32. Qd1 {[%clk 00:09:30]} {[%emt 00:04:35]}
Qxb2 {[%clk 00:12:51]} {[%emt 00:06:09]} 33. Bf1 {[%clk 00:06:12]} {[%emt
00:03:47]} Bxf1 {[%clk 00:09:45]} {[%emt 00:03:37]} 34. Qxf1 {[%clk 00:04:52]}
{[%emt 00:01:51]} Rc2 {[%clk 00:09:46]} {[%emt 00:00:28]} 35. Rd1 {[%clk
00:01:05]} {[%emt 00:04:17]} Rf2 {[%clk 00:09:35]} {[%emt 00:00:41]} 0-1

[Event "ODJM B 2023"]
[Site "Willingen GER"]
[Date "2023.05.28"]
[Round "2"]
[White "Dorendorf, Mika"]
[Black "Fock, Madiha"]
[Result "1-0"]
[Termination "normal"]
[Board "7"]
[WhiteElo "1782"]
[BlackElo "1493"]
[WhiteClock "00:52:23"]
[BlackClock "00:20:22"]
[PlyCount "61"]
[WhiteFideId "16283066"]
[BlackFideId "16253574"]
[EventCountry "GER"]
[EventRounds "9"]
[EventType "swiss"]
[EventDate "2023.05.27"]

1. d4 {[%clk 01:30:57]} {[%emt 00:00:03]} Nf6 {[%clk 01:30:56]} {[%emt
00:00:04]} 2. c4 {[%clk 01:31:22]} {[%emt 00:00:04]} g6 {[%clk 01:31:23]}
{[%emt 00:00:03]} 3. Nc3 {[%clk 01:31:48]} {[%emt 00:00:04]} d5 {[%clk
01:31:51]} {[%emt 00:00:03]} 4. cxd5 {[%clk 01:32:11]} {[%emt 00:00:07]} Nxd5
{[%clk 01:32:17]} {[%emt 00:00:04]} 5. e4 {[%clk 01:32:37]} {[%emt 00:00:04]}
Nxc3 {[%clk 01:32:44]} {[%emt 00:00:04]} 6. bxc3 {[%clk 01:33:03]} {[%emt
00:00:03]} Bg7 {[%clk 01:33:06]} {[%emt 00:00:08]} 7. Qa4+ {[%clk 01:33:31]}
{[%emt 00:00:02]} Nd7 {[%clk 01:31:55]} {[%emt 00:01:41]} 8. Nf3 {[%emt
00:04:22]} c5 {[%clk 01:28:45]} 9. Be3 {[%clk 01:33:29]} {[%emt 00:00:20]} O-O
{[%clk 01:28:20]} {[%emt 00:00:55]} 10. Rc1 {[%clk 01:32:51]} {[%emt 00:01:08]}
Nb6 {[%clk 01:14:12]} {[%emt 00:14:38]} 11. Qa3 {[%clk 01:32:31]} {[%emt
00:00:49]} cxd4 {[%clk 01:11:58]} {[%emt 00:02:45]} 12. cxd4 {[%clk 01:32:54]}
{[%emt 00:00:07]} Bg4 {[%clk 01:11:41]} {[%emt 00:00:46]} 13. d5 {[%clk
01:30:28]} {[%emt 00:02:57]} e6 {[%clk 01:03:34]} {[%emt 00:08:38]} 14. dxe6
{[%clk 01:23:20]} {[%emt 00:07:37]} Bxe6 {[%clk 01:03:35]} {[%emt 00:00:29]}
15. Bb5 {[%clk 01:22:41]} {[%emt 00:01:10]} a6 {[%clk 01:01:03]} {[%emt
00:03:02]} 16. Be2 {[%clk 01:21:41]} {[%emt 00:01:29]} Nd7 {[%clk 00:53:30]}
{[%emt 00:08:02]} 17. O-O {[%clk 01:21:48]} {[%emt 00:00:24]} Rc8 {[%clk
00:46:57]} {[%emt 00:07:04]} 18. Ng5 {[%clk 01:19:33]} {[%emt 00:02:44]} Re8
{[%clk 00:45:39]} {[%emt 00:01:47]} 19. Nxe6 {[%clk 01:14:39]} {[%emt
00:05:24]} Rxe6 {[%clk 00:46:09]} 20. Bg4 {[%clk 01:13:30]} {[%emt 00:01:38]}
Rxe4 {[%clk 00:41:47]} {[%emt 00:04:53]} 21. Bf3 {[%clk 01:13:32]} {[%emt
00:00:27]} Bf8 {[%clk 00:40:16]} {[%emt 00:02:02]} 22. Qd3 {[%clk 01:12:31]}
{[%emt 00:01:30]} Re6 {[%clk 00:31:49]} {[%emt 00:08:58]} 23. Bxb7 {[%clk
01:12:08]} {[%emt 00:00:53]} Rxc1 {[%clk 00:31:02]} {[%emt 00:01:17]} 24. Rxc1
{[%clk 01:09:14]} {[%emt 00:03:24]} Rd6 {[%clk 00:27:24]} {[%emt 00:04:08]} 25.
Qe2 {[%clk 01:08:54]} {[%emt 00:00:50]} a5 {[%clk 00:26:43]} {[%emt 00:01:12]}
26. Rc8 {[%clk 01:05:23]} {[%emt 00:04:00]} Qe7 {[%clk 00:24:22]} {[%emt
00:02:51]} 27. g3 {[%clk 01:03:23]} {[%emt 00:02:30]} Nb6 {[%clk 00:23:06]}
{[%emt 00:01:46]} 28. Rb8 {[%clk 00:51:48]} {[%emt 00:12:05]} Qc7 {[%clk
00:19:49]} {[%emt 00:03:47]} 29. Rxf8+ {[%clk 00:52:08]} {[%emt 00:00:10]} Kxf8
{[%clk 00:19:55]} {[%emt 00:00:24]} 30. Bh6+ {[%clk 00:52:36]} {[%emt
00:00:02]} Kg8 {[%clk 00:20:22]} {[%emt 00:00:03]} 31. Qe8# {[%clk 00:52:23]}
1-0

[Event "ODJM B 2023"]
[Site "Willingen GER"]
[Date "2023.05.28"]
[Round "2"]
[White "Kraus, Linus"]
[Black "Pimenov, Danil"]
[Result "0-1"]
[Termination "normal"]
[Board "8"]
[WhiteElo "1532"]
[BlackElo "1488"]
[WhiteClock "00:52:10"]
[BlackClock "00:51:48"]
[PlyCount "56"]
[WhiteFideId "34629629"]
[BlackFideId "34600248"]
[EventCountry "GER"]
[EventRounds "9"]
[EventType "swiss"]
[EventDate "2023.05.27"]

1. e4 {[%clk 01:30:58]} {[%emt 00:00:01]} c5 {[%clk 01:30:58]} {[%emt
00:00:03]} 2. Nf3 {[%clk 01:31:07]} {[%emt 00:00:20]} Nc6 {[%clk 01:30:57]}
{[%emt 00:00:32]} 3. c3 {[%clk 01:31:07]} {[%emt 00:00:30]} Nf6 {[%clk
01:31:18]} {[%emt 00:00:09]} 4. e5 {[%clk 01:30:17]} {[%emt 00:01:14]} Nd5
{[%clk 01:31:31]} {[%emt 00:00:23]} 5. d4 {[%clk 01:30:34]} {[%emt 00:00:13]}
cxd4 {[%clk 01:31:40]} {[%emt 00:00:21]} 6. cxd4 {[%clk 01:30:55]} {[%emt
00:00:10]} d6 {[%clk 01:31:55]} {[%emt 00:00:14]} 7. exd6 {[%clk 01:30:04]}
{[%emt 00:01:20]} Qxd6 {[%clk 01:32:20]} {[%emt 00:00:06]} 8. Nc3 {[%clk
01:26:22]} {[%emt 00:04:12]} Bf5 {[%clk 01:29:43]} {[%emt 00:03:07]} 9. Bd3
{[%clk 01:22:51]} {[%emt 00:03:59]} Bxd3 {[%clk 01:29:18]} {[%emt 00:00:57]}
10. Qxd3 {[%clk 01:23:01]} {[%emt 00:00:19]} e6 {[%emt 00:02:40]} 11. O-O
{[%clk 01:21:16]} {[%emt 00:00:02]} Be7 {[%clk 01:29:13]} {[%emt 00:00:39]} 12.
Bg5 {[%clk 01:16:05]} {[%emt 00:05:40]} Bxg5 {[%clk 01:27:56]} {[%emt
00:01:47]} 13. Nxg5 {[%clk 01:16:09]} {[%emt 00:00:27]} Nf4 {[%clk 01:24:11]}
{[%emt 00:04:14]} 14. Qf3 {[%clk 01:12:48]} {[%emt 00:03:51]} Nxd4 {[%clk
01:14:49]} {[%emt 00:09:52]} 15. Qxb7 {[%clk 01:12:37]} {[%emt 00:00:42]} O-O
{[%clk 01:14:54]} {[%emt 00:00:24]} 16. Nxf7 {[%clk 01:08:16]} {[%emt
00:04:51]} Nfe2+ {[%clk 01:04:50]} {[%emt 00:10:34]} 17. Nxe2 {[%clk 01:07:42]}
{[%emt 00:01:04]} Nxe2+ {[%clk 01:05:15]} {[%emt 00:00:06]} 18. Kh1 {[%clk
01:08:04]} {[%emt 00:00:08]} Qf4 {[%clk 01:03:16]} {[%emt 00:02:29]} 19. Qa6
{[%clk 01:07:03]} {[%emt 00:01:31]} Nd4 {[%clk 01:02:32]} {[%emt 00:01:13]} 20.
Nd6 {[%clk 01:05:53]} {[%emt 00:01:40]} Rab8 {[%clk 00:58:32]} {[%emt
00:04:30]} 21. b3 {[%clk 01:03:54]} {[%emt 00:02:29]} Rb6 {[%clk 00:57:11]}
{[%emt 00:01:51]} 22. Qxa7 {[%clk 00:59:30]} {[%emt 00:04:54]} Rxd6 {[%clk
00:57:05]} {[%emt 00:00:37]} 23. Rac1 {[%clk 00:58:18]} {[%emt 00:01:42]} e5
{[%clk 00:55:17]} {[%emt 00:02:17]} 24. h3 {[%clk 00:56:01]} {[%emt 00:02:47]}
Rg6 {[%clk 00:54:41]} {[%emt 00:01:06]} 25. Qb7 {[%clk 00:54:08]} {[%emt
00:02:24]} Ne2 {[%clk 00:51:32]} {[%emt 00:03:38]} 26. Rc7 {[%clk 00:53:03]}
{[%emt 00:01:34]} Ng3+ {[%clk 00:51:20]} {[%emt 00:00:43]} 27. Kg1 {[%clk
00:51:51]} {[%emt 00:01:43]} Nxf1 {[%clk 00:51:27]} {[%emt 00:00:23]} 28. Qd5+
{[%clk 00:52:10]} {[%emt 00:00:11]} Kh8 {[%clk 00:51:48]} {[%emt 00:00:07]} 0-1

[Event "ODJM B 2023"]
[Site "Willingen GER"]
[Date "2023.05.28"]
[Round "2"]
[White "Laag, Pascal"]
[Black "Beberhold, Otto Richard"]
[Result "1-0"]
[Termination "normal"]
[Board "9"]
[WhiteElo "1642"]
[BlackElo "1427"]
[WhiteClock "01:10:32"]
[BlackClock "01:18:37"]
[PlyCount "41"]
[WhiteFideId "16256069"]
[BlackFideId "34617248"]
[EventCountry "GER"]
[EventRounds "9"]
[EventType "swiss"]
[EventDate "2023.05.27"]

1. e4 {[%clk 01:30:57]} {[%emt 00:00:02]} d5 {[%clk 01:30:54]} {[%emt
00:00:07]} 2. exd5 {[%clk 01:31:21]} {[%emt 00:00:06]} Qxd5 {[%clk 01:31:20]}
{[%emt 00:00:03]} 3. Nc3 {[%clk 01:31:40]} {[%emt 00:00:12]} Qa5 {[%clk
01:31:46]} {[%emt 00:00:04]} 4. d4 {[%clk 01:30:59]} {[%emt 00:01:11]} Nf6
{[%clk 01:32:09]} {[%emt 00:00:07]} 5. Bc4 {[%clk 01:30:47]} {[%emt 00:00:42]}
Nc6 {[%clk 01:32:26]} {[%emt 00:00:13]} 6. a3 {[%clk 01:27:18]} {[%emt
00:03:59]} e5 {[%clk 01:32:25]} {[%emt 00:00:31]} 7. d5 {[%clk 01:23:05]}
{[%emt 00:04:43]} Nb4 {[%clk 01:23:17]} {[%emt 00:09:38]} 8. Bd2 {[%clk
01:18:46]} {[%emt 00:04:49]} Qc5 {[%clk 01:22:06]} {[%emt 00:01:41]} 9. Bb5+
{[%clk 01:17:50]} {[%emt 00:01:26]} c6 {[%clk 01:22:16]} {[%emt 00:00:20]} 10.
axb4 {[%clk 01:18:08]} {[%emt 00:00:13]} Qb6 {[%clk 01:20:50]} {[%emt
00:01:55]} 11. Be3 {[%clk 01:17:48]} {[%emt 00:00:50]} Qc7 {[%clk 01:20:53]}
{[%emt 00:00:27]} 12. dxc6 {[%clk 01:17:04]} {[%emt 00:01:14]} bxc6 {[%clk
01:20:40]} {[%emt 00:00:43]} 13. Bc4 {[%clk 01:14:14]} {[%emt 00:03:20]} Bxb4
{[%clk 01:19:18]} {[%emt 00:01:52]} 14. Nge2 {[%clk 01:13:59]} {[%emt
00:00:45]} O-O {[%clk 01:19:31]} {[%emt 00:00:17]} 15. O-O {[%clk 01:13:52]}
{[%emt 00:00:36]} Rd8 {[%clk 01:19:46]} {[%emt 00:00:16]} 16. Qc1 {[%clk
01:13:59]} {[%emt 00:00:24]} Bf5 {[%clk 01:19:02]} {[%emt 00:01:13]} 17. Ng3
{[%clk 01:13:55]} {[%emt 00:00:34]} Bg4 {[%clk 01:18:43]} {[%emt 00:00:48]} 18.
h3 {[%clk 01:13:41]} {[%emt 00:00:44]} Bc8 {[%clk 01:18:45]} {[%emt 00:00:28]}
19. Bg5 {[%clk 01:12:39]} {[%emt 00:01:32]} Be7 {[%clk 01:18:32]} {[%emt
00:00:44]} 20. Nge4 {[%clk 01:10:16]} {[%emt 00:02:53]} Nxe4 {[%clk 01:18:37]}
{[%emt 00:00:25]} 21. Nxe4 {[%clk 01:10:32]} {[%emt 00:00:14]} 1-0